[Event "RA Summer Pickup #1"]
[Site "Ottawa CAN"]
[Date "1997.05.01"]
[Round "1"]
[White "Pacey, Kevin"]
[Black "Gordon, David"]
[Result "1/2-1/2"]
[WhiteElo "2277"]
[BlackElo "2141"]
[PlyCount "114"]
[GameId "2160767911966094"]
[EventDate "1997.05.01"]
[EventType "swiss"]
[EventRounds "6"]
[EventCountry "CAN"]

1. e4 c5 2. Nf3 d6 3. d4 cxd4 4. Nxd4 Nf6 5. Nc3 Nc6 6. Bc4 e6 7. O-O Be7 8. Bb3 O-O 9. f4 a6 10. Be3 Qc7 11. Kh1 b5 12. f5 Nxd4 13. Bxd4 e5 14. Nd5 Nxd5 15. Bxd5 Bb7 16. Bc3 a5 17. a3 Rab8 18. Qd2 Rfc8 19. Bxa5 Qxc2 20. Bxb7 Qxd2 21. Bxd2 Rc2 22. Bc3 Rxb7 23. Rac1 Rxc1 24. Rxc1 Rc7 25. Rd1 f6 26. Kg1 Kf7 27. Kf2 Ke8 28. Ke3 Kd7 29. Kd3 Bd8 30. b3 Ra7 31. Bb2 Bb6 32. Ra1 Kc6 33. Rc1+ Kd7 34. Ra1 Kc6 35. Rc1+ Kd7 36. Rd1 Bc5 37. Ra1 Kc6 38. a4 bxa4 39. bxa4 d5 40. Bc3 Rb7 41. Rc1 Rb3 42. exd5+ Kxd5 43. Kc2 Ra3 44. a5 Ra2+ 45. Kb3 Rxg2 46. a6 Rxh2 47. Bxe5 Rh3+ 48. Bc3 Bd4 49. Ka4 Rh2 50. Rd1 Kc4 51. Bb4 Ra2+ 52. Ba3 Ba7 53. Rc1+ Kd5 54. Rc7 Bb6 55. a7 Bxa7 56. Rxa7 Rg2 57. Kb3 Ke4 1/2-1/2

[Event "RA Summer Pickup #1"]
[Site "Ottawa CAN"]
[Date "1997.05.08"]
[Round "2"]
[White "Ferguson, Peter"]
[Black "Pacey, Kevin"]
[Result "0-1"]
[WhiteElo "2289"]
[BlackElo "2277"]
[PlyCount "108"]
[GameId "2160767911966095"]
[EventDate "1997.05.01"]
[EventType "swiss"]
[EventRounds "6"]
[EventCountry "CAN"]

1. c4 e6 2. Nc3 d5 3. d4 Nf6 4. Bg5 Be7 5. e3 O-O 6. Nf3 Nbd7 7. Rc1 c6 8. Qc2 a6 9. a3 Re8 10. Bd3 dxc4 11. Bxc4 Nd5 12. Ne4 Qa5+ 13. Kf1 f6 14. Bh4 f5 15. Bxe7 fxe4 16. Bb4 Nxb4 17. axb4 Qf5 18. Nd2 Nf6 19. f3 Nd5 20. Qxe4 Qxe4 21. Nxe4 Nxe3+ 22. Kf2 Nd5 23. Rhe1 Nxb4 24. Rc3 Kf8 25. Rb3 a5 26. Nd6 b5 27. Nxe8 bxc4 28. Rxb4 axb4 29. Nd6 Ba6 30. Rxe6 g6 31. Re1 Rd8 32. Ra1 Rxd6 33. Rxa6 Rxd4 34. Rxc6 Rd2+ 35. Kg3 Rc2 36. Kf4 Rxg2 37. Rxc4 Rxh2 38. Ke5 Rxb2 39. Kf6 Ke8 40. Kg7 b3 41. Kxh7 Rg2 42. Kg7 Kd7 43. Kf6 Kd6 44. f4 b2 45. Rb4 Kc5 46. Rb8 Kd4 47. Rb3 Kc4 48. Rb8 Kc3 49. Rc8+ Kb3 50. Rb8+ Kc2 51. Rc8+ Kd1 52. Rd8+ Kc1 53. Rc8+ Rc2 54. Re8 Rc6+ 0-1

[Event "RA Summer Pickup #1"]
[Site "Ottawa CAN"]
[Date "1997.05.08"]
[Round "2"]
[White "Kirby, Patrick"]
[Black "Cohen, David"]
[Result "1-0"]
[WhiteElo "1972"]
[BlackElo "1979"]
[PlyCount "121"]
[GameId "2160767911966096"]
[EventDate "1997.05.01"]
[EventType "swiss"]
[EventRounds "6"]
[EventCountry "CAN"]

1. g3 d5 2. Bg2 Nf6 3. d4 e6 4. Nf3 c5 5. c4 Nc6 6. cxd5 exd5 7. O-O Be7 8. Nc3 O-O 9. Bg5 cxd4 10. Nxd4 Be6 11. Nxe6 fxe6 12. Bh3 Qd7 13. e4 d4 14. Qb3 Nd8 15. Rad1 Kh8 16. e5 Ng8 17. Be3 Qc7 18. Bxd4 Nc6 19. Qxe6 Nxd4 20. Rxd4 Bc5 21. Rd7 Qb6 22. Qxb6 Bxb6 23. Rxb7 Rad8 24. Rd7 Rxd7 25. Bxd7 Bd4 26. e6 Nf6 27. Kh1 Nxd7 28. exd7 Kg8 29. Rd1 Bb6 30. f4 Kf7 31. Na4 Bd8 32. Nc5 Ke7 33. Nb7 g5 34. Nxd8 Kxd8 35. Rd4 Rf5 36. fxg5 Rxg5 37. Ra4 a5 38. Rd4 Rb5 39. b3 Rc5 40. Rd2 a4 41. bxa4 Rc4 42. Kg2 Rxa4 43. h4 Ra3 44. Kh3 Ra4 45. h5 Ra3 46. Kh4 Ra5 47. g4 Rc5 48. Rd6 Ra5 49. Rh6 Kxd7 50. Rxh7+ Ke6 51. h6 Kf6 52. Rg7 Rxa2 53. g5+ Kf5 54. Kg3 Ra3+ 55. Kf2 Kf4 56. h7 Rh3 57. g6 Rh2+ 58. Kg1 Kg3 59. Rg8 Ra2 60. Kf1 Kf3 61. Rf8+ 1-0

[Event "RA Summer Pickup #1"]
[Site "Ottawa CAN"]
[Date "1997.05.15"]
[Round "3"]
[White "Cohen, David"]
[Black "Martin, Spencer"]
[Result "0-1"]
[WhiteElo "1979"]
[BlackElo "1941"]
[PlyCount "72"]
[GameId "2160767911966097"]
[EventDate "1997.05.01"]
[EventType "swiss"]
[EventRounds "6"]
[EventCountry "CAN"]

1. d4 Nf6 2. c4 e5 3. d5 Bb4+ 4. Bd2 Qe7 5. Nc3 O-O 6. Qc2 d6 7. e4 Nbd7 8. g3 Nb6 9. Bd3 Nfd7 10. Nge2 Nc5 11. O-O-O f5 12. exf5 Nxd3+ 13. Qxd3 Bxf5 14. Qf3 Nxc4 15. Qg2 Nxd2 16. Rxd2 a5 17. Re1 Qg5 18. f4 exf4 19. Nxf4 Rae8 20. Ne6 Bxe6 21. dxe6 Qf6 22. Kc2 Bxc3 23. bxc3 Rxe6 24. Rxe6 Qxe6 25. Qxb7 Qxa2+ 26. Qb2 Qa4+ 27. Qb3+ Qxb3+ 28. Kxb3 Rf5 29. Ka4 Rc5 30. Rf2 Rxc3 31. Kxa5 d5 32. Rf4 c5 33. Kb5 d4 34. Kc6 d3 35. Kd6 d2 36. Ke7 Re3+ 0-1

[Event "RA Summer Pickup #1"]
[Site "Ottawa CAN"]
[Date "1997.05.15"]
[Round "3"]
[White "Pacey, Kevin"]
[Black "Awate, Avinash"]
[Result "1/2-1/2"]
[WhiteElo "2277"]
[BlackElo "2346"]
[PlyCount "77"]
[GameId "2160767911966098"]
[EventDate "1997.05.01"]
[EventType "swiss"]
[EventRounds "6"]
[EventCountry "CAN"]

1. d4 Nf6 2. Nc3 g6 3. e4 Bg7 4. e5 Ng8 5. f4 d5 6. Bd3 h5 7. Qf3 c6 8. f5 gxf5 9. Bxf5 Bxf5 10. Qxf5 e6 11. Qf2 Nd7 12. Nh3 Nh6 13. Bxh6 Bxh6 14. O-O Qe7 15. Ne2 Rh7 16. c3 O-O-O 17. Rad1 Rf8 18. Rd3 f6 19. exf6 Rxf6 20. Rf3 Rxf3 21. Qxf3 e5 22. dxe5 Nxe5 23. Qf5+ Kc7 24. Nef4 Nc4 25. Ne6+ Kb6 26. Qd3 Be3+ 27. Kh1 Rf7 28. Rxf7 Qxf7 29. Nd4 Bxd4 30. cxd4 Nd6 31. Qb3+ Kc7 32. Qg3 Qf1+ 33. Ng1 Qb1 34. Qe5 Kd7 35. Qg7+ Ke6 36. Qe5+ Kd7 37. Qg7+ Kd8 38. Qf6+ Kd7 39. Qg7+ 1/2-1/2

[Event "RA Summer Pickup #1"]
[Site "Ottawa CAN"]
[Date "1997.05.22"]
[Round "4"]
[White "Dunn, David"]
[Black "Pacey, Kevin"]
[Result "1/2-1/2"]
[WhiteElo "2152"]
[BlackElo "2277"]
[PlyCount "63"]
[GameId "2160767911966099"]
[EventDate "1997.05.01"]
[EventType "swiss"]
[EventRounds "6"]
[EventCountry "CAN"]

1. e4 e5 2. Nf3 Nc6 3. Bb5 a6 4. Bxc6 dxc6 5. d4 exd4 6. Qxd4 Qxd4 7. Nxd4 Bd7 8. Be3 O-O-O 9. Nd2 Nh6 10. f3 Re8 11. O-O-O g6 12. Rhe1 c5 13. Ne2 f5 14. Ng3 b6 15. Bf2 Bg7 16. exf5 Nxf5 17. Nxf5 Bxf5 18. Rxe8+ Rxe8 19. Re1 Rd8 20. Ne4 c4 21. c3 Rd3 22. Rd1 Rxd1+ 23. Kxd1 a5 24. Bh4 a4 25. a3 h6 26. Bf6 Bf8 27. Ke2 Kd7 28. Ke3 Ke6 29. Bd8 Kd7 30. Bf6 Ke6 31. Bd8 Kd7 32. Bf6 1/2-1/2

[Event "RA Summer Pickup #1"]
[Site "Ottawa CAN"]
[Date "1997.05.22"]
[Round "4"]
[White "Raletich, George"]
[Black "Cohen, David"]
[Result "1-0"]
[WhiteElo "1905"]
[BlackElo "1979"]
[PlyCount "125"]
[GameId "2160767911966100"]
[EventDate "1997.05.01"]
[EventType "swiss"]
[EventRounds "6"]
[EventCountry "CAN"]

1. e4 e6 2. d4 d5 3. e5 Nc6 4. Nf3 b6 5. c4 Qd7 6. Nc3 Bb4 7. a3 Bxc3+ 8. bxc3 Bb7 9. Bg5 Nge7 10. Bd3 h6 11. Bh4 g5 12. Bg3 dxc4 13. Bxc4 Na5 14. Bf1 Bd5 15. h3 Qc6 16. Rc1 Nc4 17. a4 Nb2 18. Bb5 Nxd1 19. Rxd1 Bxf3 20. gxf3 Qxb5 21. axb5 a5 22. c4 O-O-O 23. Ke2 Rd7 24. h4 Rhd8 25. hxg5 hxg5 26. f4 Rxd4 27. Rxd4 Rxd4 28. fxg5 Nf5 29. Rh7 Nxg3+ 30. fxg3 Rd7 31. Ke3 a4 32. Rh1 Kb7 33. Ra1 c6 34. bxc6+ Kxc6 35. Rxa4 Kc5 36. Ra6 Kxc4 37. Rxb6 Rd3+ 38. Kf4 Rd4+ 39. Kf3 Rd3+ 40. Kg4 Kd5 41. Rd6+ Ke4 42. Rxd3 Kxd3 43. g6 fxg6 44. Kg5 Ke4 45. Kf6 Kd5 46. g4 g5 47. Kxg5 Kxe5 48. Kh6 Kf4 49. g5 e5 50. g6 e4 51. g7 e3 52. g8=Q Kf3 53. Qd5+ Kf2 54. Qf5+ Ke1 55. Qb1+ Kf2 56. Qb6 Kf3 57. Qc6+ Kf2 58. Qc5 Kf3 59. Qf5+ Ke2 60. Kg5 Ke1 61. Kf4 e2 62. Ke3 Kd1 63. Qb1# 1-0

[Event "RA Summer Pickup #1"]
[Site "Ottawa CAN"]
[Date "1997.05.29"]
[Round "5"]
[White "Pacey, Kevin"]
[Black "Patterson, Roger"]
[Result "1-0"]
[WhiteElo "2277"]
[BlackElo "2242"]
[PlyCount "123"]
[GameId "2160767911966101"]
[EventDate "1997.05.01"]
[EventType "swiss"]
[EventRounds "6"]
[EventCountry "CAN"]

1. d4 Nf6 2. Nc3 g6 3. e4 d6 4. f4 Bg7 5. Nf3 O-O 6. Be2 c5 7. dxc5 Qa5 8. O-O Qxc5+ 9. Kh1 Nc6 10. Qe1 a6 11. Bd3 Nd7 12. Nd5 e6 13. Be3 Qa5 14. Qxa5 Nxa5 15. Ne7+ Kh8 16. f5 Ne5 17. Nxe5 Bxe5 18. fxg6 Bd7 19. gxf7 Kg7 20. Rf3 Nc6 21. Ng8 Rxf7 22. Rxf7+ Kxf7 23. Nh6+ Kg7 24. Ng4 Kg6 25. c3 Rf8 26. Rd1 Rd8 27. Be2 Bc8 28. Bb6 Rd7 29. Nxe5+ dxe5 30. Rxd7 Bxd7 31. Kg1 Kf7 32. Kf2 Ne7 33. Ke3 Bc6 34. c4 Ng6 35. g3 Nf8 36. Bh5+ Ng6 37. b4 Kf6 38. Be2 Ba4 39. Bd8+ Kf7 40. h4 Ke8 41. Bf6 Kf7 42. Bg5 Nf8 43. h5 Nd7 44. Bd8 Nf8 45. g4 Nd7 46. g5 Kg7 47. Bg4 Kf7 48. Bc7 Bc6 49. Bd1 Kg7 50. a4 b5 51. cxb5 axb5 52. a5 h6 53. gxh6+ Kxh6 54. Bd8 Nb8 55. Bg4 Na6 56. Be7 Bd7 57. Be2 Kg7 58. Bd6 Kf6 59. h6 Kg6 60. Bf8 Bc6 61. Bh5+ Kh7 62. Bf7 1-0

[Event "RA Summer Pickup #1"]
[Site "Ottawa CAN"]
[Date "1997.06.05"]
[Round "5"]
[White "Cohen, David"]
[Black "Bunning, Les"]
[Result "0-1"]
[WhiteElo "1979"]
[BlackElo "1919"]
[PlyCount "124"]
[GameId "2160767911966102"]
[EventDate "1997.05.01"]
[EventType "swiss"]
[EventRounds "6"]
[EventCountry "CAN"]

1. d4 Nf6 2. c4 g6 3. Nc3 Bg7 4. e4 d6 5. Be2 O-O 6. Be3 e5 7. d5 Ne8 8. Qd2 f5 9. Bh6 f4 10. Bxg7 Nxg7 11. Nf3 Nd7 12. O-O-O a5 13. g3 Nc5 14. gxf4 Rxf4 15. Qe3 Bd7 16. Rdf1 Qf8 17. Ne1 Qf7 18. Ng2 Rf6 19. f4 exf4 20. Nxf4 Qe7 21. Kd2 Re8 22. Bd3 b6 23. h4 Qe5 24. Ng2 Ref8 25. Rxf6 Rxf6 26. Rf1 Nh5 27. Rxf6 Nxf6 28. Qf4 Qd4 29. Qe3 Qxe3+ 30. Kxe3 Ng4+ 31. Kd4 Kg7 32. Be2 Ne5 33. b3 Kf6 34. Ke3 g5 35. hxg5+ Kxg5 36. Nb1 h5 37. Nd2 h4 38. Nf4 h3 39. Bf1 Kh4 40. Nf3+ Nxf3 41. Kxf3 Bg4+ 42. Ke3 Kg3 43. Ne2+ Bxe2 44. Bxe2 Kg2 45. Bf3+ Kg1 46. Kd4 Nd7 47. e5 Nxe5 48. Be4 h2 49. a3 h1=Q 50. Bxh1 Kxh1 51. b4 axb4 52. axb4 Nd7 53. Ke4 Kg2 54. Kf5 Kf3 55. Ke6 Ne5 56. Ke7 Nxc4 57. Kd7 Ke4 58. Kxc7 Kxd5 59. Kb7 b5 60. Kc7 Ne5 61. Kb6 Kc4 62. Kc7 d5 0-1

[Event "RA Summer Pickup #1"]
[Site "Ottawa CAN"]
[Date "1997.06.05"]
[Round "6"]
[White "Djerkovic, Miladin"]
[Black "Pacey, Kevin"]
[Result "1-0"]
[WhiteElo "2401"]
[BlackElo "2277"]
[PlyCount "55"]
[GameId "2160767911966103"]
[EventDate "1997.05.01"]
[EventType "swiss"]
[EventRounds "6"]
[EventCountry "CAN"]

1. e4 Nc6 2. Nf3 e6 3. d4 d5 4. Nc3 Bb4 5. e5 f5 6. exf6 Nxf6 7. Bd3 O-O 8. O-O Qe8 9. Bf4 Bd6 10. Be5 Qh5 11. Re1 Bxe5 12. dxe5 Ne8 13. Qd2 Ne7 14. b4 Ng6 15. Qg5 Nf4 16. Qxh5 Nxh5 17. Ne2 a5 18. a3 Bd7 19. Ng5 h6 20. Nh7 Rf4 21. Bg6 Rc4 22. Bd3 Rf4 23. g3 Rf3 24. Kg2 Rf5 25. f4 Rf7 26. Bg6 Re7 27. g4 Nxf4+ 28. Nxf4 1-0

[Event "RA Summer Pickup #2"]
[Site "Ottawa CAN"]
[Date "1997.06.12"]
[Round "1"]
[White "Awate, Avinash"]
[Black "Pacey, Kevin"]
[Result "1-0"]
[WhiteElo "2346"]
[BlackElo "2277"]
[PlyCount "59"]
[GameId "2160767911965633"]
[EventDate "1997.06.12"]
[EventType "swiss"]
[EventRounds "6"]
[EventCountry "CAN"]

1. e4 Nf6 2. Nc3 e5 3. Bc4 Nxe4 4. Qh5 Nd6 5. Bb3 Nc6 6. Nb5 g6 7. Qf3 f5 8. Qd5 Qe7 9. Nxc7+ Kd8 10. Nxa8 b6 11. Qf3 Bb7 12. Ne2 Nd4 13. Qh3 Bg7 14. d3 f4 15. Nc3 Bxa8 16. Bd2 Nf7 17. Bxf7 Qxf7 18. O-O-O b5 19. Kb1 b4 20. Ne4 d5 21. Nc5 a5 22. c3 Nf5 23. d4 bxc3 24. Bxc3 exd4 25. Bxa5+ Kc8 26. Rc1 Bc6 27. Qb3 Qf6 28. Qb6 Qd6 29. Nb7 Kd7 30. Nxd6 1-0

[Event "RA Summer Pickup #2"]
[Site "Ottawa CAN"]
[Date "1997.06.19"]
[Round "2"]
[White "Pacey, Kevin"]
[Black "Ferguson, Peter"]
[Result "1/2-1/2"]
[WhiteElo "2277"]
[BlackElo "2289"]
[PlyCount "104"]
[GameId "2160767911965634"]
[EventDate "1997.06.12"]
[EventType "swiss"]
[EventRounds "6"]
[EventCountry "CAN"]

1. e4 g6 2. d4 Bg7 3. Nc3 c6 4. h3 d5 5. e5 f6 6. Nf3 Nh6 7. Bf4 O-O 8. Qd2 Nf7 9. Qe3 Qa5 10. Be2 b5 11. O-O Na6 12. a3 Nc7 13. exf6 exf6 14. Qe7 Ne6 15. Bh2 Qb6 16. a4 Nxd4 17. Nxd4 Qxd4 18. axb5 Bf5 19. Ra4 Qb6 20. Ra6 Rfe8 21. Qxe8+ Rxe8 22. Rxb6 axb6 23. Bf3 c5 24. Bxd5 Bxc2 25. Bc7 f5 26. Bxb6 Bxc3 27. bxc3 Rb8 28. Ba7 Rxb5 29. c4 Ra5 30. Bb6 Ra6 31. Bxc5 Be4 32. Bxe4 fxe4 33. Bd4 Nd6 34. c5 Nf5 35. Bc3 Rc6 36. Bb4 Nd4 37. Re1 Nc2 38. Rxe4 Nxb4 39. Rxb4 Rxc5 40. Rb7 h5 41. g3 Rc4 42. Kg2 Rc3 43. g4 hxg4 44. hxg4 Ra3 45. f3 Ra1 46. Kg3 Ra4 47. Kh4 Ra5 48. f4 Rc5 49. f5 gxf5 50. g5 f4 51. g6 Rf5 52. Kg4 Rf8 1/2-1/2

[Event "RA Summer Pickup #2"]
[Site "Ottawa CAN"]
[Date "1997.06.26"]
[Round "3"]
[White "Pacey, Kevin"]
[Black "Djerkovic, Miladin"]
[Result "1/2-1/2"]
[WhiteElo "2277"]
[BlackElo "2401"]
[PlyCount "35"]
[GameId "2160767911965635"]
[EventDate "1997.06.12"]
[EventType "swiss"]
[EventRounds "6"]
[EventCountry "CAN"]

1. d4 Nf6 2. c4 g6 3. Nc3 Bg7 4. Nf3 O-O 5. e4 d6 6. Be2 Na6 7. Bg5 h6 8. Bh4 Qe8 9. Qd2 Kh7 10. e5 dxe5 11. dxe5 Nd7 12. Bg3 Nb6 13. Rd1 Be6 14. b3 Rd8 15. Qxd8 Qxd8 16. Rxd8 Rxd8 17. O-O c6 18. Rd1 1/2-1/2

[Event "RA Summer Pickup #2"]
[Site "Ottawa CAN"]
[Date "1997.07.03"]
[Round "4"]
[White "Dunn, David"]
[Black "Pacey, Kevin"]
[Result "1-0"]
[WhiteElo "2152"]
[BlackElo "2287"]
[PlyCount "73"]
[GameId "2160767911965636"]
[EventDate "1997.06.12"]
[EventType "swiss"]
[EventRounds "6"]
[EventCountry "CAN"]

1. e4 d6 2. d4 Nf6 3. Nc3 g6 4. Be3 c6 5. Qd2 Nbd7 6. f3 Qc7 7. O-O-O b5 8. Kb1 a5 9. g4 a4 10. Nce2 Nb6 11. Ng3 Nc4 12. Qc1 Nxe3 13. Qxe3 Bg7 14. h4 h5 15. g5 Nd7 16. f4 Nb6 17. f5 Nc4 18. Qf2 Qa5 19. a3 Ba6 20. c3 Rf8 21. Bxc4 bxc4 22. f6 exf6 23. gxf6 Bh6 24. e5 O-O-O 25. Nf3 Bf4 26. Ne2 dxe5 27. Nxf4 exf4 28. Ne5 Rd6 29. Qxf4 Qd5 30. Rhg1 Rfd8 31. Rg5 Qe6 32. Rf1 Rd5 33. Nf3 R8d6 34. Rxd5 cxd5 35. Ng5 Qe2 36. Qxd6 Qxf1+ 37. Ka2 1-0

[Event "RA Summer Pickup #2"]
[Site "Ottawa CAN"]
[Date "1997.07.17"]
[Round "5"]
[White "Van Adel, Steven"]
[Black "Pacey, Kevin"]
[Result "1/2-1/2"]
[WhiteElo "2075"]
[BlackElo "2287"]
[PlyCount "82"]
[GameId "2160767911965637"]
[EventDate "1997.06.12"]
[EventType "swiss"]
[EventRounds "6"]
[EventCountry "CAN"]

1. Nf3 d5 2. g3 Nc6 3. Bg2 e5 4. d3 f5 5. e4 dxe4 6. dxe4 Qxd1+ 7. Kxd1 Bc5 8. Be3 Bxe3 9. fxe3 Nf6 10. Nc3 O-O 11. Rf1 Nxe4 12. Nxe4 fxe4 13. Nd2 Rxf1+ 14. Bxf1 Bg4+ 15. Be2 Bf5 16. c3 Kf7 17. Kc2 Ke7 18. Rf1 Bg6 19. h4 h6 20. h5 Bh7 21. Bc4 Rf8 22. Rxf8 Kxf8 23. Bd5 Bf5 24. Bxe4 Bg4 25. Bf3 Bf5+ 26. Be4 Ne7 27. Kd3 Kf7 28. Bxf5 Nxf5 29. Ne4 b6 30. c4 Ke6 31. b4 Ne7 32. g4 Nc6 33. a3 a5 34. Kc3 axb4+ 35. axb4 Ne7 36. b5 Nc8 37. Kd3 Nd6 38. Nxd6 Kxd6 39. Ke4 Ke6 40. Kf3 Kf6 41. Ke4 Ke6 1/2-1/2

[Event "RA Summer Pickup #3"]
[Site "Ottawa CAN"]
[Date "1997.07.24"]
[Round "1"]
[White "Djerkovic, Miladin"]
[Black "Pacey, Kevin"]
[Result "1/2-1/2"]
[WhiteElo "2391"]
[BlackElo "2289"]
[PlyCount "55"]
[GameId "2160767911932485"]
[EventDate "1997.07.24"]
[EventType "swiss"]
[EventRounds "6"]
[EventCountry "CAN"]

1. e4 e5 2. Nf3 Nc6 3. Bb5 a6 4. Ba4 Nf6 5. O-O b5 6. Bb3 Bb7 7. Re1 Bc5 8. c3 d6 9. d4 Bb6 10. Be3 O-O 11. Nbd2 Re8 12. d5 Ne7 13. Bxb6 cxb6 14. Bc2 Ng6 15. Bd3 Bc8 16. a4 bxa4 17. Qxa4 Bb7 18. Qb4 a5 19. Qa3 Qc7 20. b4 Red8 21. bxa5 bxa5 22. Nc4 Ba6 23. Qxa5 Qxa5 24. Rxa5 Bxc4 25. Rxa8 Rxa8 26. Bxc4 Ra3 27. Nd2 Rxc3 28. Bb5 1/2-1/2

[Event "RA Summer Pickup #3"]
[Site "Ottawa CAN"]
[Date "1997.07.31"]
[Round "2"]
[White "Pacey, Kevin"]
[Black "Van Adel, Steven"]
[Result "1/2-1/2"]
[WhiteElo "2289"]
[BlackElo "2075"]
[PlyCount "37"]
[GameId "2160767911932486"]
[EventDate "1997.07.24"]
[EventType "swiss"]
[EventRounds "6"]
[EventCountry "CAN"]

1. c4 g6 2. Nc3 Bg7 3. g3 f5 4. Bg2 Nf6 5. d4 O-O 6. Nh3 Qe8 7. O-O d6 8. d5 e5 9. dxe6 Qxe6 10. Nd5 Na6 11. Be3 c6 12. Nhf4 Qf7 13. Nxf6+ Bxf6 14. Bd4 Qxc4 15. Bxf6 Rxf6 16. Nd5 Re6 17. Nf4 Rf6 18. Nd5 Re6 19. Nf4 1/2-1/2

[Event "RA Summer Pickup #3"]
[Site "Ottawa CAN"]
[Date "1997.08.07"]
[Round "3"]
[White "Dydak, Mateusz"]
[Black "Pacey, Kevin"]
[Result "0-1"]
[WhiteElo "2078"]
[BlackElo "2289"]
[PlyCount "76"]
[GameId "2160767911932487"]
[EventDate "1997.07.24"]
[EventType "swiss"]
[EventRounds "6"]
[EventCountry "CAN"]

1. e4 Nc6 2. Nc3 e6 3. d4 Bb4 4. Nf3 d6 5. Bd3 e5 6. d5 Bxc3+ 7. bxc3 Nce7 8. O-O Nf6 9. h3 h6 10. c4 b6 11. a4 a5 12. Be3 Ng6 13. Nh2 O-O 14. f4 exf4 15. Bxf4 Qe7 16. Qe2 Bd7 17. c3 Rae8 18. Qc2 Nxe4 19. Rae1 f5 20. Bc1 Ne5 21. Bxe4 fxe4 22. Rxf8+ Qxf8 23. Rf1 Nf7 24. Be3 Qe7 25. Bd4 Ng5 26. Qe2 Bxa4 27. h4 Nh7 28. Qg4 Bd7 29. Qg6 Rf8 30. Rxf8+ Nxf8 31. Qg3 a4 32. Ng4 Bxg4 33. Qxg4 a3 34. Be3 a2 35. Qd1 Qe8 36. g4 Qa8 37. Qa1 Qa4 38. g5 Qc2 0-1

[Event "RA Summer Pickup #3"]
[Site "Ottawa CAN"]
[Date "1997.08.14"]
[Round "4"]
[White "Pacey, Kevin"]
[Black "Collins, Chris"]
[Result "1-0"]
[WhiteElo "2289"]
[BlackElo "2161"]
[PlyCount "91"]
[GameId "2160767911932488"]
[EventDate "1997.07.24"]
[EventType "swiss"]
[EventRounds "6"]
[EventCountry "CAN"]

1. d4 Nf6 2. Nc3 d6 3. e4 g6 4. f4 Bg7 5. Nf3 O-O 6. Be2 c5 7. dxc5 Qa5 8. O-O Qxc5+ 9. Kh1 Nc6 10. Qe1 d5 11. e5 Ne4 12. Nxe4 dxe4 13. Ng5 Qxc2 14. Bd2 Bf5 15. g4 h6 16. gxf5 hxg5 17. fxg6 e3 18. Bc3 gxf4 19. Rxf4 Nxe5 20. gxf7+ Rxf7 21. Rxf7 Kxf7 22. Bh5+ Kg8 23. Qxe3 Qf5 24. Rg1 Kh8 25. Rxg7 Kxg7 26. Bxe5+ Kh7 27. Bf3 Qb1+ 28. Qg1 Qxg1+ 29. Kxg1 Rg8+ 30. Kf2 b6 31. Ke3 Rg5 32. Be4+ Kg8 33. Bb8 Ra5 34. a3 Kf7 35. h4 Rb5 36. b4 a5 37. Bd3 Rh5 38. Bg3 Ke6 39. Be2 Rh8 40. h5 axb4 41. axb4 Kf5 42. Bc7 Rh6 43. Bd3+ Kg4 44. Bg6 b5 45. Be5 Kg5 46. Bf4+ 1-0

[Event "RA Summer Pickup #3"]
[Site "Ottawa CAN"]
[Date "1997.08.21"]
[Round "5"]
[White "Patterson, Roger"]
[Black "Pacey, Kevin"]
[Result "0-1"]
[WhiteElo "2203"]
[BlackElo "2289"]
[PlyCount "48"]
[GameId "2160767911932489"]
[EventDate "1997.07.24"]
[EventType "swiss"]
[EventRounds "6"]
[EventCountry "CAN"]

1. e4 e6 2. d4 d5 3. Nc3 Bb4 4. e5 Ne7 5. a3 Bxc3+ 6. bxc3 c5 7. Nf3 Nbc6 8. Be2 Qa5 9. Bd2 Bd7 10. O-O O-O-O 11. Qb1 f6 12. c4 Qc7 13. cxd5 Nxd5 14. c4 Nde7 15. exf6 gxf6 16. Bc3 Rhg8 17. Rd1 cxd4 18. Nxd4 Nxd4 19. Bxd4 Ba4 20. Bxa7 Bxd1 21. Bxd1 Qa5 22. Qb4 Qxa7 23. Qxe7 Qd4 24. Qxe6+ Kb8 0-1

[Event "RA Summer Pickup #3"]
[Site "Ottawa CAN"]
[Date "1997.08.28"]
[Round "6"]
[White "Pacey, Kevin"]
[Black "Rodgers, Ron"]
[Result "1-0"]
[WhiteElo "2289"]
[BlackElo "2042"]
[PlyCount "99"]
[GameId "2160767911932490"]
[EventDate "1997.07.24"]
[EventType "swiss"]
[EventRounds "6"]
[EventCountry "CAN"]

1. e4 e5 2. Nf3 Nc6 3. Bc4 Bc5 4. b4 Bxb4 5. c3 Ba5 6. Qb3 Qf6 7. d4 exd4 8. O-O Bb6 9. e5 Qg6 10. cxd4 Nxd4 11. Nxd4 Bxd4 12. Nc3 Ne7 13. Ba3 Bxc3 14. Qxc3 b6 15. e6 fxe6 16. Bd3 Qf6 17. Qxc7 Nd5 18. Qg3 Bb7 19. Bd6 Kf7 20. Be5 Qh6 21. Qf3+ Ke7 22. Be4 Rhf8 23. Qa3+ Ke8 24. f4 g6 25. Rf3 Rf7 26. Re1 Qf8 27. Bd6 Qg7 28. Rd3 Kd8 29. g3 Bc6 30. Be5 Qf8 31. Bd6 Qg7 32. Be5 Qf8 33. Bd6 Qg7 34. Qb3 Kc8 35. Bxd5 exd5 36. Rxd5 Rf5 37. Rd2 Kb7 38. Be5 Qf7 39. Qb4 h5 40. a4 a5 41. Qd4 Ra6 42. Rb1 Qe6 43. Rdb2 Bd5 44. Rb5 Bc4 45. Rc5 Ba2 46. Rc7+ Ka8 47. Qc3 Bd5 48. Rc8+ Ka7 49. Qc7+ Bb7 50. Qb8# 1-0

[Event "RA Winter op"]
[Site "Ottawa CAN"]
[Date "1997.01.11"]
[Round "1"]
[White "Veltmann, Alfred"]
[Black "Allen, Graham"]
[Result "0-1"]
[WhiteElo "1941"]
[BlackElo "2086"]
[PlyCount "64"]
[GameId "2160767911999556"]
[EventDate "1997.01.11"]
[EventType "swiss"]
[EventRounds "5"]
[EventCountry "CAN"]

1. e4 e6 2. d4 d5 3. Nd2 c5 4. exd5 exd5 5. Ngf3 Nc6 6. dxc5 Bxc5 7. Nb3 Bd6 8. c3 Nge7 9. Bd3 Bg4 10. Be3 a6 11. h3 Bh5 12. Be2 O-O 13. O-O Re8 14. Re1 Kh8 15. Nbd4 Bg6 16. Nh4 Bc7 17. Bg4 Ne5 18. Bg5 Nxg4 19. Nxg6+ hxg6 20. Qxg4 Qd6 21. Qh4+ Kg8 22. Nf3 f6 23. Bd2 Nf5 24. Qa4 b5 25. Qb3 Nh4 26. Kf1 Nxf3 27. gxf3 Qh2 28. Qxd5+ Kh7 29. Be3 Rad8 30. Qc6 Bf4 31. Rad1 Rxd1 32. Rxd1 Bxe3 0-1

[Event "RA Winter op"]
[Site "Ottawa CAN"]
[Date "1997.01.11"]
[Round "2"]
[White "Pacey, Kevin"]
[Black "Palsson, Halldor"]
[Result "1-0"]
[WhiteElo "2222"]
[BlackElo "2116"]
[PlyCount "79"]
[GameId "2160767911999557"]
[EventDate "1997.01.11"]
[EventType "swiss"]
[EventRounds "5"]
[EventCountry "CAN"]
[SourceTitle "EXT 2022"]
[Source "ChessBase"]
[SourceDate "2021.10.06"]
[SourceVersion "1"]
[SourceVersionDate "2021.10.06"]
[SourceQuality "1"]

1. e4 e6 2. d4 d5 3. Nc3 Bb4 4. e5 c5 5. a3 Bxc3+ 6. bxc3 Ne7 7. Qg4 Qc7 8. Qxg7 Rg8 9. Qxh7 cxd4 10. Kd1 Nbc6 11. Nf3 Bd7 12. cxd4 O-O-O 13. Qd3 Na5 14. Ng5 Rg7 15. h4 Ba4 16. h5 Nc4 17. Rb1 Rxg5 18. Bxg5 Nxa3 19. Rc1 Nc4 20. Qc3 b5 21. h6 Rh8 22. h7 a5 23. Bxe7 Qxe7 24. Bxc4 dxc4 25. Ra1 Qb4 26. Kd2 Kd7 27. Qxb4 axb4 28. Rh3 Ke7 29. Rah1 f5 30. exf6+ Kxf6 31. Rf3+ Kg7 32. Rg3+ Kf7 33. c3 bxc3+ 34. Kxc3 Kf8 35. Kb4 Kf7 36. Rh6 Kf8 37. Rgg6 Bc2 38. Rxe6 Bxh7 39. Rb6 Kg7 40. Rhc6 1-0

[Event "RA Winter op"]
[Site "Ottawa CAN"]
[Date "1997.01.11"]
[Round "3"]
[White "Veltmann, Alfred"]
[Black "Gordon, David"]
[Result "0-1"]
[WhiteElo "1941"]
[BlackElo "2218"]
[PlyCount "88"]
[GameId "2160767911999561"]
[EventDate "1997.01.11"]
[EventType "swiss"]
[EventRounds "5"]
[EventCountry "CAN"]

1. e4 c5 2. Nf3 Nc6 3. d4 cxd4 4. Nxd4 Nf6 5. Nc3 e5 6. Nxc6 bxc6 7. Bg5 Bb4 8. Qf3 O-O 9. Bc4 d5 10. Bxf6 Qxf6 11. Qxf6 gxf6 12. exd5 cxd5 13. Bxd5 Rb8 14. O-O-O Bxc3 15. bxc3 Bb7 16. Bb3 Rfc8 17. Rd3 Kf8 18. Rd7 Bxg2 19. Rg1 Rb7 20. Rd3 Be4 21. Re3 Bg6 22. Rd1 Rbc7 23. Kb2 Rc5 24. Rd5 Ke7 25. Rxc5 Rxc5 26. Re2 Rc6 27. Bd5 Rb6+ 28. Kc1 Kd6 29. c4 f5 30. f3 f6 31. h4 f4 32. Rh2 Kc5 33. h5 Bf5 34. h6 Bg6 35. Rg2 Rb8 36. a3 Kd4 37. Kd2 Rb1 38. Rxg6 hxg6 39. h7 Rh1 40. c3+ Kc5 41. Bg8 g5 42. Ke2 f5 43. Kf2 g4 44. Kg2 Rh4 0-1